[Event "POL-chT U19 1st League"]
[Site "Chotowa"]
[Date "2009.07.??"]
[Round "6"]
[White "Dubrawska, Greta"]
[Black "Sikorska, Dorota"]
[Result "0-1"]
[WhiteElo "1695"]
[BlackElo "1884"]
[PlyCount "72"]
[EventDate "2009.07.06"]
[EventType "team-tourn"]
[EventRounds "9"]
[EventCountry "POL"]
[SourceTitle "EXT 2012"]
[Source "ChessBase"]
[SourceDate "2011.11.24"]
[SourceVersion "1"]
[SourceVersionDate "2011.11.24"]
[SourceQuality "1"]
[WhiteTeam "Bialystok MUKS Stoczek 45 U19"]
[BlackTeam "Plock PTSz U19"]
[WhiteTeamCountry "POL"]
[BlackTeamCountry "POL"]

1. d4 c5 2. d5 d6 3. Nc3 g6 4. e4 Bg7 5. Bd2 Nf6 6. Bd3 Nbd7 7. Nf3 a6 8. a4 Ng4 9. 0-0 Nde5 10. Be2 Nxf3+ 11. Bxf3 h5 12. Qe2 Ne5 13. Bf4 Bd7 14. Bxe5 Bxe5 15. Qd2 Qc7 16. Be2 Rb8 17. f4 Bd4+ 18. Kh1 f6 19. Bf3 f5 20. Rae1 0-0 21. Qe2 e5 22. fxe5 Bxe5 23. exf5 Bxf5 24. Ne4 Rbe8 25. Qd2 Qg7 26. b3 Kh8 27. Qg5 Kg8 28. Qd2 Re7 29. Qd1 Rfe8 30. Nd2 Bd7 31. Nc4 b5 32. axb5 axb5 33. Na5 Bc3 34. Rxe7 Qxe7 35. Nc6 Qe3 36. h3 Kg7 0-1

[Event "POL-ch U18 Girls"]
[Site "Chotowa"]
[Date "2009.04.02"]
[Round "8"]
[White "Sikorska, Dorota"]
[Black "Makosa, Angelika"]
[Result "1-0"]
[WhiteElo "1940"]
[BlackElo "1717"]
[PlyCount "49"]
[EventDate "2009.03.28"]
[EventType "swiss"]
[EventRounds "11"]
[EventCountry "POL"]
[SourceTitle "EXT 2011"]
[Source "ChessBase"]
[SourceDate "2010.11.26"]
[SourceVersion "1"]
[SourceVersionDate "2010.11.26"]
[SourceQuality "1"]

1. d3 d5 2. g3 Nc6 3. Bg2 e6 4. Nf3 Bd6 5. 0-0 Nge7 6. Nbd2 Ng6 7. e4 dxe4 8. Nxe4 0-0 9. Nxd6 Qxd6 10. h4 e5 11. Ng5 f6 12. Nxh7 Rd8 13. Qh5 Nge7 14. Be4 Bd7 15. Nxf6+ Qxf6 16. Bg5 Qd6 17. f4 Bf5 18. Bxe7 Qd4+ 19. Kh2 Nxe7 20. Bxf5 Nxf5 21. Qxf5 Qxb2 22. Qe6+ Kh8 23. Qb3 Qxb3 24. axb3 exf4 25. Rxf4 1-0

[Event "POL-ch U18 Girls"]
[Site "Chotowa"]
[Date "2009.03.30"]
[Round "4"]
[White "Sikorska, Dorota"]
[Black "Kulon, Klaudia"]
[Result "0-1"]
[WhiteElo "1940"]
[BlackElo "2251"]
[PlyCount "72"]
[EventDate "2009.03.28"]
[EventType "swiss"]
[EventRounds "11"]
[EventCountry "POL"]
[SourceTitle "EXT 2011"]
[Source "ChessBase"]
[SourceDate "2010.11.26"]
[SourceVersion "1"]
[SourceVersionDate "2010.11.26"]
[SourceQuality "1"]

1. d3 g6 2. e4 Bg7 3. g3 c5 4. Nc3 Nc6 5. Bg2 Rb8 6. Be3 b5 7. Qd2 b4 8. Nd1 d6 9. Ne2 Nf6 10. Bh6 Bxh6 11. Qxh6 Qb6 12. 0-0 Ba6 13. b3 Nd4 14. Qd2 0-0 15. Ne3 e6 16. Nc4 Qc7 17. f4 d5 18. exd5 Nxd5 19. Bxd5 exd5 20. Ne5 Nf5 21. g4 Nd6 22. g5 f5 23. a3 bxa3 24. Rxa3 Bb7 25. Rxa7 Nf7 26. Nf3 d4 27. Raa1 Rfe8 28. Rf2 Re3 29. Ne1 Rbe8 30. Ng2 h6 31. h4 Rh3 32. c3 hxg5 33. hxg5 Nxg5 34. fxg5 Rxe2 35. Qf4 Qxf4 36. Rxf4 Rxg2+ 0-1